| 000 | 00634cam a2200193 4500500 | ||
|---|---|---|---|
| 005 | 20260322014457.0 | ||
| 041 | _afre | ||
| 042 | _adc | ||
| 100 | 1 | 0 |
_aDraye, Micheline _eauthor |
| 700 | 1 | 0 |
_aEstager, Julien _eauthor |
| 700 | 1 | 0 |
_aMalacria, Max _eauthor |
| 700 | 1 | 0 |
_aGoddard, Jean-Philippe _eauthor |
| 700 | 1 | 0 |
_aOllivier, Cyril _eauthor |
| 245 | 0 | 0 | _aOrganic sonochemistry |
| 260 | _c2026. | ||
| 500 | _a16 | ||
| 786 | 0 | _nGreen chemistry | - | 2026-03-05 | p. 17-17 | |
| 856 | 4 | 1 | _uhttps://stm.cairn.info/process-intensification-and-sustainable-analysis-methods--bdti42493210-k1250-page-17?lang=en&redirect-ssocas=7080 |
| 999 |
_c1789471 _d1789471 |
||